| 000 | 00864nam a2200181 i 4500 | ||
|---|---|---|---|
| 001 | 70146 | ||
| 003 | ES-MaACL | ||
| 005 | 20230906170731.0 | ||
| 007 | t| | ||
| 008 | 040719s1908 sp d ||||1| spa d | ||
| 100 | 1 |
_aGarcía Parreño, Guillermo. _955080 |
|
| 245 | 1 | 0 |
_aDiccionario de derecho marítimo : _bcontiene todas las leyes, ordenanzas, códigos, instrucciones, reglamentos, Reales decretos, Reales órdenes..., sentencias y demás disposiciones que constituyen el derecho marítimo vigente / _cpor Guillermo Garcia-Parreño y López ; con un prólogo del Excmo. Sr. D. Tirso Rodrigañez y Sagasta. |
| 260 |
_aCartagena : _b[s.n.], _c1908 ( _fSociedad Levantina de Artes Gráficas) |
||
| 300 |
_a2 v. ; _c25 cm. |
||
| 650 | 4 |
_aDerecho marítimo- _vDiccionarios. _9155913 |
|
| 700 | 1 |
_aRodrigáñez y Sagasta, Tirso. _998169 |
|
| 852 | 4 |
_aES-MaACL _jB-13039-40 |
|
| 999 |
_c70146 _d70146 |
||